[Event "GRE-ch U18 Girls"]
[Site "Nikaia"]
[Date "2012.01.07"]
[Round "7"]
[White "Drakaki, Anna Maria"]
[Black "Skaraki, Antigoni"]
[Result "1-0"]
[WhiteElo "1784"]
[BlackElo "1772"]
[PlyCount "69"]
[EventDate "2012.01.03"]
[EventType "swiss"]
[EventRounds "9"]
[EventCountry "GRE"]
[SourceTitle "CBM 146 Extra"]
[Source "ChessBase"]
[SourceDate "2012.02.29"]
[SourceVersion "1"]
[SourceVersionDate "2012.02.29"]
[SourceQuality "1"]

1. e4 d6 2. d4 Nf6 3. Nc3 g6 4. f4 Bg7 5. Nf3 c5 6. d5 0-0 7. Bc4 Bg4 8. 0-0 Nbd7 9. a4 a6 10. h3 Bxf3 11. Qxf3 Qc7 12. Bd2 Nb6 13. Ba2 c4 14. Be3 Nbd7 15. Kh1 b6 16. Rad1 Rfb8 17. Bd4 b5 18. Rde1 b4 19. Nd1 Rf8 20. e5 Ne8 21. Qe2 Rc8 22. Nf2 Nb6 23. Bxb6 Qxb6 24. Bxc4 dxe5 25. fxe5 Qd4 26. Bxa6 Ra8 27. b3 Nc7 28. Bc4 Rad8 29. e6 fxe6 30. dxe6 Rf5 31. Rd1 Rxf2 32. Rxd4 Rxf1+ 33. Qxf1 Bxd4 34. Qf7+ Kh8 35. Qxe7 1-0

[Event "GRE-ch U18 Girls"]
[Site "Nikaia"]
[Date "2012.01.06"]
[Round "5"]
[White "Skaraki, Antigoni"]
[Black "Pramateftaki, Loukia"]
[Result "1-0"]
[WhiteElo "1772"]
[BlackElo "1333"]
[PlyCount "119"]
[EventDate "2012.01.03"]
[EventType "swiss"]
[EventRounds "9"]
[EventCountry "GRE"]
[SourceTitle "CBM 146 Extra"]
[Source "ChessBase"]
[SourceDate "2012.02.29"]
[SourceVersion "1"]
[SourceVersionDate "2012.02.29"]
[SourceQuality "1"]

1. e4 e6 2. d4 d5 3. e5 c5 4. Nf3 Nc6 5. Bd3 Bd7 6. a3 Nge7 7. 0-0 Ng6 8. Re1 Nh4 9. Nbd2 g5 10. dxc5 Bxc5 11. Nb3 Bb6 12. Nxg5 Rg8 13. Qh5 Ng6 14. Qxh7 Rf8 15. Bxg6 fxg6 16. Qxg6+ Ke7 17. Nf3 Be8 18. Qg7+ Rf7 19. Bg5+ Kd7 20. Qxf7+ Bxf7 21. Bxd8 Rxd8 22. Rad1 Bh5 23. Rd3 Rf8 24. c3 Rf5 25. Nfd4 Rxe5 26. Rxe5 Nxe5 27. Re3 Nc4 28. Rxe6 Nxb2 29. Rh6 Bd1 30. Rh7+ Kc8 31. Rf7 Na4 32. h4 Nxc3 33. Rf5 a5 34. a4 Bxd4 35. Nxd4 b5 36. Nxb5 Nxb5 37. axb5 a4 38. Rxd5 Bb3 39. Rd6 a3 40. Ra6 a2 41. f4 Bc4 42. Kf2 Bxb5 43. Rxa2 Bd7 44. Ra7 Bg4 45. Rg7 Bh5 46. g4 Be8 47. Rg8 Kd7 48. Rxe8 Kxe8 49. h5 Kf7 50. Ke3 Kg7 51. Ke4 Kf6 52. g5+ Kg7 53. f5 Kf7 54. f6 Kg8 55. g6 Kh8 56. f7 Kg7 57. h6+ Kf8 58. h7 Kg7 59. h8Q+ Kxh8 60. f8Q# 1-0

[Event "GRE-ch U18 Girls"]
[Site "Nikaia"]
[Date "2012.01.03"]
[Round "1"]
[White "Anthopoulou, Ioanna"]
[Black "Skaraki, Antigoni"]
[Result "0-1"]
[WhiteElo "1315"]
[BlackElo "1772"]
[PlyCount "72"]
[EventDate "2012.01.03"]
[EventType "swiss"]
[EventRounds "9"]
[EventCountry "GRE"]
[SourceTitle "CBM 146 Extra"]
[Source "ChessBase"]
[SourceDate "2012.02.29"]
[SourceVersion "1"]
[SourceVersionDate "2012.02.29"]
[SourceQuality "1"]

1. d4 Nf6 2. Nf3 g6 3. Bf4 Bg7 4. e3 d6 5. Bd3 0-0 6. c4 Nbd7 7. Nc3 a6 8. 0-0 Qe8 9. Re1 e5 10. dxe5 dxe5 11. Bg3 e4 12. Nxe4 Nxe4 13. Bxc7 Ndc5 14. Bxe4 Nxe4 15. Qc2 Qe7 16. Bb6 Re8 17. Rad1 Bg4 18. Rd3 Bxf3 19. gxf3 Ng5 20. f4 Nf3+ 21. Kf1 Nxe1 22. Kxe1 Qb4+ 23. Ke2 Qxb6 24. b3 Rad8 25. Rd5 Qc7 26. Rxd8 Qxd8 27. b4 Qh4 28. Qd3 Qh5+ 29. f3 Qxh2+ 30. Kd1 Qh1+ 31. Ke2 Qg2+ 32. Kd1 Qxf3+ 33. Qe2 Rd8+ 34. Kc2 Qxe2+ 35. Kb3 Rd3+ 36. Ka4 Qxa2# 0-1

[Event "Paleochora op 3rd"]
[Site "Paleochora"]
[Date "2010.07.22"]
[Round "1"]
[White "Skaraki, Antigoni"]
[Black "David, Alberto"]
[Result "0-1"]
[WhiteElo "1746"]
[BlackElo "2622"]
[PlyCount "72"]
[EventDate "2010.07.22"]
[EventType "swiss"]
[EventRounds "9"]
[EventCountry "GRE"]
[SourceTitle "CBM 137 Extra"]
[Source "ChessBase"]
[SourceDate "2010.09.01"]
[SourceVersion "1"]
[SourceVersionDate "2010.09.01"]
[SourceQuality "1"]

1. e4 c5 2. Nf3 e6 3. d4 cxd4 4. Nxd4 a6 5. Nc3 Qc7 6. Bd3 Nf6 7. 0-0 Bd6 8. f4 Bc5 9. Nce2 d6 10. Kh1 b5 11. Nb3 Bb6 12. a3 Bb7 13. Nc3 0-0 14. Qf3 Nbd7 15. Qh3 Rfe8 16. Bd2 e5 17. f5 d5 18. Rae1 dxe4 19. Bxe4 Nxe4 20. Nxe4 Bxe4 21. Rxe4 Nf6 22. Rh4 Qxc2 23. Bg5 Ne4 24. Be3 Bxe3 25. Qxe3 Nf6 26. Nc5 e4 27. b4 a5 28. bxa5 h5 29. h3 Rad8 30. Re1 Rd1 31. Rxd1 Qxd1+ 32. Kh2 Qd6+ 33. Kh1 Qe7 34. Rf4 Nd5 35. f6 Qe5 36. Qg3 g5 0-1